|
|
|
|
| LEADER |
00000nam a2200000 4500 |
| 001 |
vtls012287434 |
| 003 |
SK-MaSNL |
| 005 |
20260301232437.0 |
| 008 |
251117s1644 gw f f 001 0 ger |
| 015 |
|
|
|a SNBHFA
|
| 040 |
|
|
|a SNKHF
|b slo
|c SNK
|e rda
|
| 041 |
1 |
|
|a ger
|h spa
|
| 043 |
|
|
|a e-sp---
|
| 044 |
|
|
|a gw
|c DE
|
| 072 |
|
7 |
|a 82-9
|x Literárna kritika, vecná literatúra a rôzne ďalšie žánre
|2 konspekt
|
| 080 |
|
|
|a 82-94
|2 2011
|
| 080 |
|
|
|a 94
|2 2011
|
| 080 |
|
|
|a 94(460)
|2 2011
|
| 100 |
1 |
|
|a Guevara, Antonio de,
|d 1481-1545
|4 aut
|9 223333
|
| 245 |
1 |
0 |
|a Horologium Principum, Das ist: Fủrstliche Weckuhr und Lust garten/
|c Weiland deß Hochwủrdigen vnd Wolgebornen Herrn Antonii de Guevara Barfủsser Ordens/ Bischoffens zu Mondonedo/ Keys. Carolj V. ; Hofpredigers/ Raths vnd Chronisten/ in drey Theil und Bủcher abgetheilet/ Und durch Herrn Egidium Albertinum/ Fủrstlicher Durchl. Hertzogen in Bayern Secretarium/ auß der Hispanischen in die Hochteutsche Sprach versetzt. Jn welchem gantz lustige vnd kurtzweilige Historien/ auch Herliche Documenten vnd zierliche Warnungen / politische vnd moralische Discursen/ vnd sonderlich / wie sich Fủrsten vnd Herren im Regiment: wie dann auch im Ehestand vnd aufferzihung jhrer Kinder zu verhalten/ eingefủhrt wird. Jetzt mit fleiß vbersehen/ corrigirt/ vnd mit einem vollkommeneu Register auß gangen
|
| 264 |
|
1 |
|a Getruckt zu Franckfurt am Mayn/
|b Jm Verlegung Johann Gottfried Schỏnwetters/
|c MDCXLIV (1644)
|
| 264 |
|
3 |
|a Getruckt zu Franckfurt am Mayn/
|b bey Matthaeo Kempffern/
|c MDCXLIV (1644)
|
| 300 |
|
|
|a 5 nečíslovaných listov, 388 strán
|c 4°
|c 24 × 19,5 cm
|
| 336 |
|
|
|a text
|b txt
|2 rdacontent
|
| 336 |
|
|
|a statický obraz
|b sti
|2 rdacontent
|
| 337 |
|
|
|a bez média
|b n
|2 rdamedia
|
| 338 |
|
|
|a zväzok
|b nc
|2 rdacarrier
|
| 500 |
|
|
|a Signet, vinety, vlysy, linky, medirytinová ilustrácia pred titulným listom, iniciálka s ornamentálnym pozadím vo voľnom priestore na 6 riadkov, verzály na 3 a 4 riadky
|
| 501 |
|
|
|a Príväzok 1.: GUEVARA, Antonio de. Drey schỏne Tractảtlein. Gedruckt Franckfurt: Jn Verlegung Johann Gottfried Schỏnwettern, 1645.
|5 SNK IC 146571/prív.1
|
| 504 |
|
|
|a Text radený do dvoch stĺpcov, kustody
|
| 510 |
4 |
|
|a VD 17
|c 23:000641E
|
| 546 |
|
|
|a Nemčina
|b Fraktúra
|
| 561 |
|
|
|a Proveniencia: Pečiatka Dr. E. Kadarász-vernot Poz Margity Zayovej.
|5 SNK IC 146571
|
| 563 |
|
|
|a Väzba: ošúchaný žlto-biely lesklý pergamen so stopami po šnúrkach.
|5 SNK IC 146571
|
| 650 |
0 |
7 |
|a dejiny
|2 SNKPH
|9 3825
|
| 650 |
0 |
7 |
|a kroniky
|2 SNKPH
|9 29539
|
| 651 |
|
7 |
|a Španielsko
|x dejiny
|2 SNKPH
|9 164920
|
| 700 |
1 |
|
|a Zaiová, Margita,
|d 1868-1937
|4 fmo
|5 SNK IIC 146571
|9 186369
|
| 700 |
1 |
|
|a Albertinus, Aegidius,
|d 1560-1620
|4 trl
|9 92026
|
| 700 |
1 |
|
|a Schönwetter, Johann Gottfried,
|d 1609-1656
|4 pbl
|9 324405
|
| 700 |
1 |
|
|a Kempfer, Matthäus
|d zomrel 1665
|4 prt
|9 185826
|
| 710 |
0 |
|
|a Schönwetter, Johann Gottfried (Frankfurt nad Mohanom, Nemecko),
|d 1628-1657
|4 pbl
|9 626114
|
| 710 |
0 |
|
|a Kempfer, Matthäus (Frankfurt nad Mohanom, Nemecko),
|d 1626-1665
|4 prt
|9 626115
|
| 752 |
|
|
|a Nemecko
|d Frankfurt nad Mohanom
|
| 852 |
|
|
|a Slovenská národná knižnica
|b Zaiova knižnica: Zay 12 847 (Z 14 981)
|p IC 146571
|
| 958 |
|
|
|a DC
|
| 958 |
|
|
|a ONDV
|
| 999 |
|
|
|c 961388
|d 963318
|
| 952 |
|
|
|t Zay 12 847 (Z 14 981)
|a SNK
|b SNK
|c SNK_HF
|y PREZ
|7 0
|p 17A1569217
|o snkIC 146571
|i snk2025/18544
|8 5
|z Kniha má jeden príväzok.
|0 0
|1 0
|4 0
|d 2025-11-17
|l 0
|r 2026-02-24 10:19:19
|w 2026-02-24
|